000 00287nam a22001337a 4500
008 181106b xxu||||| |||| 00| 0 eng d
020 _a9780838828281
041 _aeng
080 _a371
100 _a46
101 _aEDU
245 _aWordly Wise 3000
_cHodkinson,K
942 _2udc
_cBK
999 _c52020
_d52020